000 00423pab a2200157 454500
008 180718b2013 xxu||||| |||| 00| 0 eng d
100 _aReeves, Eoin
245 _aThe not so good, the bad and the ugly: over twelve years of PPP in Ireland
260 _c2013
300 _ap.375-395.
362 _aJun
650 _aPublic private partnerships
773 _aLocal Government Studies
908 _aN
909 _a100706
999 _c100705
_d100705